[Event "Ufa Kopylov Memorial op-B 6th"]
[Site "Ufa"]
[Date "2009.12.24"]
[Round "9"]
[White "Guzairov, Arthur"]
[Black "Ilkin, Albert"]
[Result "0-1"]
[WhiteElo "2049"]
[BlackElo "2145"]
[PlyCount "112"]
[EventDate "2009.12.15"]
[EventType "swiss"]
[EventRounds "9"]
[EventCountry "RUS"]
[SourceTitle "EXT 2012"]
[Source "ChessBase"]
[SourceDate "2011.11.24"]
[SourceVersion "1"]
[SourceVersionDate "2011.11.24"]
[SourceQuality "1"]

1. d4 Nf6 2. Nf3 g6 3. Bf4 d6 4. h3 Bg7 5. e3 Nbd7 6. Bc4 0-0 7. 0-0 b6 8. c3 Bb7 9. Nbd2 c5 10. Qe2 a6 11. a4 Qc7 12. e4 cxd4 13. cxd4 e5 14. Rac1 Qb8 15. dxe5 Nxe5 16. Bxe5 dxe5 17. Rfd1 Qd6 18. Nb1 Qe7 19. Nc3 Bh6 20. Ra1 Qc5 21. Nd5 Bxd5 22. Bxd5 Rad8 23. Qxa6 Nxd5 24. Rxd5 Rxd5 25. exd5 e4 26. Ne5 Qxd5 27. Ng4 Bg7 28. Qxb6 f5 29. Ne3 Qd2 30. Nc4 Qe2 31. Qb3 Kh8 32. Rf1 Bd4 33. a5 Rc8 34. Ne3 Qxb2 35. Qxb2 Bxb2 36. Rb1 Bd4 37. Rb4 Bxe3 38. fxe3 Rc1+ 39. Kf2 Ra1 40. Rb8+ Kg7 41. Ra8 Kh6 42. Kg3 Kg5 43. a6 Ra3 44. h4+ Kh5 45. Kf4 Kxh4 46. a7 Ra5 47. g3+ Kh3 48. Kg5 Kxg3 49. Kh6 Kf3 50. Kxh7 Kxe3 51. Kxg6 f4 52. Rb8 Rxa7 53. Rb3+ Kf2 54. Kf5 e3 55. Kxf4 Ra4+ 56. Kg5 e2 0-1

[Event "Ufa Kopylov Memorial op-B 6th"]
[Site "Ufa"]
[Date "2009.12.22"]
[Round "7"]
[White "Penzin, Vladimir"]
[Black "Ilkin, Albert"]
[Result "0-1"]
[WhiteElo "2027"]
[BlackElo "2145"]
[PlyCount "118"]
[EventDate "2009.12.15"]
[EventType "swiss"]
[EventRounds "9"]
[EventCountry "RUS"]
[SourceTitle "EXT 2012"]
[Source "ChessBase"]
[SourceDate "2011.11.24"]
[SourceVersion "1"]
[SourceVersionDate "2011.11.24"]
[SourceQuality "1"]

1. e4 c6 2. d4 d5 3. Nc3 dxe4 4. Nxe4 Nf6 5. Ng5 Bf5 6. Bc4 e6 7. Ne2 Bd6 8. Ng3 Bg6 9. f4 c5 10. dxc5 Qa5+ 11. c3 Qxc5 12. Qe2 0-0 13. Be3 Qc7 14. 0-0 Nc6 15. Kh1 Bf5 16. Bd3 g6 17. Bc4 Rad8 18. Rae1 h6 19. Nh3 Ng4 20. Bc1 Na5 21. Nxf5 Qxc4 22. Qxg4 exf5 23. Qh4 Kg7 24. Be3 Nc6 25. a3 Be7 26. Qf2 b6 27. Ng1 Bf6 28. Nf3 Rfe8 29. Rd1 Rd3 30. Rxd3 Qxd3 31. Re1 Re6 32. h3 Rd6 33. Kg1 Qc4 34. Qf1 Qb3 35. Qe2 a5 36. g3 b5 37. Ne5 Bxe5 38. fxe5 Re6 39. Bd4 Nxd4 40. cxd4 Qxg3+ 41. Kh1 Qxh3+ 42. Kg1 Qg3+ 43. Kf1 Qh3+ 44. Kg1 Qg3+ 45. Kf1 Qf4+ 46. Qf2 Qxf2+ 47. Kxf2 f6 48. exf6+ Kxf6 49. Rc1 Rd6 50. Ke3 Rd5 51. Rc6+ Kg5 52. Rc8 h5 53. Rc1 h4 54. Rg1+ Kf6 55. Rc1 Kg5 56. Rg1+ Kh5 57. Rc1 h3 58. Rc8 Kg4 59. Rc6 g5 0-1